banner-ar

UP & RUNNING WITH WORD PERFECT TO DOS / (Record no. 10391)

MARC details
000 -الفاتح
حقل البيانات ثابتة الطول 00467nam a2200169Ia 4500
008 - عناصر البيانات ثابتة الطول - معلومات عامة
حقل البيانات ثابتة الطول 140319s9999 xx 000 0 eng d
040 ## - مصدر الفهرسة
وكالة الفهرسة الأصلية GCL /
وكالة النسخ GCL
082 04 - رقم تصنيف ديوى العشرى
رقم التصنيف 652.5416
رقم المادة BW
100 1# - المدخل الرئيسى - إسم شخصى
الإسم الشخصى BELSERENE, RITA
245 10 - بيان العنوان
العنوان UP & RUNNING WITH WORD PERFECT TO DOS /
بيان المسئوليه,etc BELSERENE, RITA
260 ## - PUBLICATION, DISTRIBUTION, ETC. (IMPRINT)
تاريخ النشر أو التوزيع 1993
300 ## - الوصف المادى
التعداد 172 P
650 04 - المدخل الاضافى بالموضوع-مصطلح موضوعى
مصطلح موضوعي DOS DEVICE DRIVERS (COMPUTER PROGRAM )
650 04 - المدخل الاضافى بالموضوع-مصطلح موضوعى
مصطلح موضوعي WORD PROCESSING
942 ## - عناصر المدخل الإضافي( كوها)
مصدر التصنيف او مخطط الترفيف Dewey Decimal Classification
Koha [default] item type كتاب
260 ## - PUBLICATION, DISTRIBUTION, ETC. (IMPRINT)
-- [S.N] :
-- SYBEX INC. ،
Holdings
حالة التراجع حالة الفقد حالة تلف ليس للاعارة المكان المؤقت الموقع الحالى تاريخ الاكتساب اجمالي اﻻعارات رقم الطلب الباركود تاريخ اخر مشاهدة تاريخ تفعيل السعر نوع وعاء كوها
        مكتبة القاهرة الكبرى مكتبة القاهرة الكبرى 03/26/2014   652.5416\BW 21103 03/26/2014 03/26/2014 كتاب

Powered By

EGPV